000 01218nam0a22002891 4500
001 rc\3594924
005 20260407111423.0
021 _aRU
_b[74-91394]
035 _a(NLR Aleph) 007810254
090 _a7711183
_c7711183
100 _a20130115d1974 |||y0rusy50 ca
101 0 _arus
102 _aRU
105 _ay z |||||
200 1 _aПрименение ультразвука в комплексном лечении поздних токсикозов беременных
_e(Метод. рекомендации)
_fМ-во здравоохранения БССР
210 _aВитебск
_cБ. и.
_d1974
215 _a11 с.
_d20
300 _aНа обороте тит. л. сост.: проф. Н.Ф. Лызиков и О.И. Шутова
606 _aБеременность
_xТоксикозы
_xЛечение ультразвуком
_2psbo
702 1 _aШутова
_bО.И.
_4220
702 1 _aЛызиков
_bН.Ф.
_gНиколай Федосович
_4220
712 0 1 _aБССР
_bМинистерство здравоохранения
_3RU\NLR\AUTH\8810063379
_9628349
801 0 _aRU
_bNLR
_gpsbo
801 1 _aRU
_bELAR
_2rusmarc
852 _aNLR
_j74-4/30098
942 _cBOOK
980 _aNB